00616nam a2200193Ia 4500952014200000999001500142003000400157005001700161008004100178020001500219040000900234082001800243100002200261245002800283260004700311300000900358650001300367942004200380 00102ddc40708ACCOUNTINGaMESbMEScACCOUNTINGd2019-02-20g18.85l0o657.45 SHA/Ap24963r2019-02-20 00:00:00w2019-02-20yBKzGL56R3 c5911d5911OSt20200127123934.0190216s9999||||xx |||||||||||||| ||und|| a8172881916 coclc a657.45bSHA/A aSharma, T R91592 0aAuditing /c T R Sharma bSahitya Bhawan Publications,c2000.aAgra: a534p aAuditing cBK2ddch657.45iSHA/Ak657.45mSHA/A